Sport - L'aviron un sport méconnu - Vrai-faux - Statistiques

Statistiques générales
  • Ce quiz a été pris 196 fois
    152 depuis la dernière actualisation
  • Le résultat moyen est 17 sur 30
Statistiques - réponses
Question Réponse % Correct
Quand on dit qu'on rame "en couple" un rameur dispose de deux avirons ? VRAI
95%
L'encoche dans laquelle on place l'aviron s'appelle le passage de rame FAUX
93%
Une course olympique se dispute sur 3 kilomètres FAUX
91%
Le rameur qui donne le rythme du bateau est le capitaine FAUX
91%
Il existe des courses en sprint sur 500 mètres VRAI
91%
Le plus grand des bateaux d'aviron est le 8 de pointe avec barreur VRAI
87%
Un bateau n'accueillant qu'un rameur est un Single FAUX
84%
Une pelle est la même chose qu'un aviron VRAI
84%
Le 8 de couple sans barreur est un bateau olympique FAUX
82%
L'aviron est sport olympique depuis 1896 VRAI
82%
Le plus ancien club d'aviron du monde a été fondé en 1818 VRAI
82%
Il existe un modèle de bateau utilisé en mer appelé yolette VRAI
78%
La partie métallique d'un bateau est le bar FAUX
76%
En France le plus ancien club d'aviron est fondé en 1838 au Havre VRAI
71%
Ferdinand Gueldry est un dessinateur spécialisé dans la représentation de scènes d'aviron VRAI
64%
La plus ancienne compétition universitaire des Etats-Unis est une course d'aviron entre Yale et Harvard VRAI
62%
Un appareil permet de s'entrainer en salle, il s'appelle un rameur intérieur... FAUX
55%
La boat race se dispute aux Etats-Unis FAUX
47%
La Fédération Internationale des Sociétés d'Aviron reconnait 8 types de bateaux VRAI
45%
Les premiers championnats du monde d'aviron ont été organisés en 1932 FAUX
44%
Le Trophée des rois est une course se déroulant sur la Loire FAUX
40%
Les avirons dit "de couple" donc utilisés par deux mesurent environ 3 mètres VRAI
40%
On met une boule en plastique à la pointe arrière du bateau FAUX
35%
Ce qu'on appelle le coup d'aviron se décompose en trois phases, propulsion, glisse, retour FAUX
27%
Les premiers championnats d'Europe d'aviron ont été organisés en 1895 FAUX
24%
La Fédération Française des Sociétés d'Aviron est devenue la Fédération Française d'Aviron en 2018 FAUX
24%
Le 2 de pointe sans barreur est appelé Peror FAUX
18%
Dans ce sport, babord signifie gauche ? VRAI
15%
Une tête de rivière est une course contre la montre le plus souvent disputée au printemps FAUX
13%
Dans un bateau on s'assied sur la coulisse. FAUX
11%
Aucun quiz correspondant
Distribution des résultats
% des personnes avec chaque résultat
Percentile par nombre de réponses
Votre historique - résultats
Vous n’avez pas pris ce quiz depuis la dernière actualisation